000 00436pab a2200157 454500
008 180718b1983 xxu||||| |||| 00| 0 eng d
100 _aBabbel, David F.
245 _aA capital budgeting analysis of life insurance costs in the United States
_b1950-1979
260 _c1983
300 _a149-70
362 _aMar.
650 _aInsurance, Life - U.S.A.
700 _aKim. B. Staking
773 _aJournal of Finance
909 _a11075
999 _c11075
_d11075